000 00766nam a2200289Ia 4500
005 20260324114931.0
008 008 260324s9999 xx 000 0 eng d
020 _a9781003028949
037 _aEBOOK
040 _aCRL
040 _beng
040 _cCRL
041 _2eng
041 _aeng
084 _qCRL
100 _aIbrahiem M. M. El Emary; Anna Brzozowska; Dagmara Bubel
_91152722
245 0 _aManagement of Organizational Culture as a Stabilizer of Changes
245 0 _bOrganizational Culture Management Dilemmas
260 _bTaylor and Francis
260 _c2020
365 _a
365 _b260
856 _uhttp://www.taylorfrancis.com/books/9781003028949
942 _cEBOOK
999 _c1743213
_d1743213